000 00332nam a2200133Ia 4500
008 130318s9999 xx 000 0 und d
020 _a470844930
082 _a005.82 STA/S
100 _aStajano,Frank
245 _aSecurity for ubiquitous computing
260 _bWiley
_aEngland
_c2002
300 _a247
650 _aCOMPUTER SECURITY
999 _c1310
_d1310